Innovation in environmental policy (Registro nro. 2717)

Detalles MARC
000 -CABECERA
Campo de control 00671nam a2200193 a 4500
005 - FECHA Y HORA DE LA ULTIMA TRANSACCION
Campo de control 20180803165030.0
008 - ELEMENTOS DE LONGITUD FIJA—INFORMACION GENERAL
Campo de control 140306b1992 stk||||| |||| 00| 0 eng d
040 ## - FUENTE DE CATALOGACIÓN
Agencia catalogadora original CO-BoIAVH
Agencia transcriptora CO-BoIAVH
041 ## - IDIOMA
Código de idioma para texto/pista de sonido o título separado Inglés
082 04 - NUMERO DE CLASIFICACION DECIMAL DEWEY
Número de clasificación 363.70560973
Número del ítem T56i
100 1# - ASIENTO PRINCIPAL--NOMBRE PERSONAL
Nombre personal Tietenberg, Tom H.
245 1# - MENCION DE TITULO
Título Innovation in environmental policy
Parte restante del título economic and legal aspects of recent developments in environmental enforcement and liability
260 ## - PUBLICACION, DISTRIBUCION, ETC. (PIE DE IMPRENTA)
Lugar de publicación, distribución, etc. Edimburgo
Nombre del editor, distribuidor, etc. Edwar Elgar Publishing
Fecha de publicación, distribución, etc. 1992
300 ## - DESCRIPCION FISICA
Extensión 269 paginas.:
Dimensiones 24 x 16 cm.
650 #4 - ASIENTO SECUNDARIO DE MATERIA - TERMINO TEMATICO
Término temático o nombre geográfico como elemento de entrada Política ambiental
650 #4 - ASIENTO SECUNDARIO DE MATERIA - TERMINO TEMATICO
Término temático o nombre geográfico como elemento de entrada Legislación ambiental
650 #4 - ASIENTO SECUNDARIO DE MATERIA - TERMINO TEMATICO
Término temático o nombre geográfico como elemento de entrada Gestión ambiental
942 ## - ELEMENTOS ADICIONALES (KOHA)
Tipo de ítem Libro
Sistema de clasificación Dewey Decimal Classification
Existencias
Withdrawn status Lost status Sistema de Clasificación Damaged status No para préstamo Colección Inventariado Ubicación Permanente Ubicación actual Fecha de adquisición Fuente de Valor Valor Total Checkouts Número topográfico Inventario / Código de Barras Date last seen Ejemplar Price effective from Forma de adquisición Tipo de material
    Dewey Decimal Classification     General Inventariado 2017 Bogotá Bogotá 13/06/2002 Instituto 20000.00   LB-363.70560973 T56i 004918 04/12/2012 Ej. 1 04/12/2012   Libro